000 00473nam a2200169Ia 4500
005 20250508154110.0
008 008 250505s9999 xx 000 0 eng d
037 _aTextual
040 _aFEDL
_beng
_cFEDL
041 _aeng
_2eng
084 _a701, KRU
_qFEDL
245 4 _aAnd art : Some aspects of the esthetics of literature
260 _aNew York, USA
_bCollier Books
_c1962
300 _a126p.
942 _cTEXL
_h701, KRU
999 _c1347613
_d1347613